000 00338nam a2200121Ia 4500
008 190216s9999||||xx |||||||||||||| ||und||
100 _aLushington Aw
245 0 _a"Vernacular List Of Trees,Shrubs And Woody Climbers"
260 _bSuperintendent Of Gove.Presses
_c1915
300 _a1034p
650 _aGeneral Collections
942 _cREF
999 _c35256
_d35256